000 00829nam a2200277 i 4500
003 DO-SdBNP
005 20250604111844.0
007 ta
008 250604b2025 dr ||||| |||| 00| 0 spa d
020 _a9789945656114
040 _aDO-SdBNP
_bspa
_cBNPHU
_erda
041 _aspa
082 4 _axxx
_bC389c
_222
100 1 _aCedeño, Sergio
_4aut.
_eautor
_96356
245 1 0 _aCuando el azúcar fue amargo /
_cSergio Cedeño
250 _aPrimera edición
264 _aSanto Domingo .
_bEditorial Santuario,
_c2025.
300 _a193 páginas ;
_c23 cm.
336 _atexto
_btxt
_2rdacontent
337 _asin mediación
_bn
_2rdamedia
338 _avolumen
_bnc
_2rdacarrier
500 _aIncluye datos biográficos del autor en las solapas
590 _aInventariado, 2025 /LP
910 _aPérez
942 _2ddc
_cLBS1
999 _c58801
_d58801